| 000 | 00639cam a2200229 4500 | ||
|---|---|---|---|
| 008 | 090401t1994 xxu||||| |||| 00| 0 eng d | ||
| 020 | _a0752000004 | ||
| 035 | _a(Sirsi) u58815 | ||
| 041 | _aeng | ||
| 050 | _a614.7026 | ||
| 100 | _aPolden, Martin | ||
| 245 | 4 | _aThe environment and the law: earth, air, fire and water: a practical guide. | |
| 260 |
_aLondon _bLongman _c1994 |
||
| 300 | _axxxii,404p. ; 22cm. | ||
| 350 | _a40 | ||
| 650 | _aENVIRONMENTAL LAW | ||
| 690 | _aENVIRONMENTAL AND LAND CONSULTANCY | ||
| 700 | _aJackson, Simon | ||
| 710 |
_aEnvironmental Law Foundation _92572 |
||
| 942 | _n0 | ||
| 948 | _c04/03/1997 | ||
| 999 |
_c94111 _d94111 |
||